000 01079cam a22002774a 4500
001 13519907
003 ARRUPE
005 20150228020007.0
008 040312s2005 enk b 001 0 eng
010 _a 2004005862
020 _a0754650340 (alk. paper)
040 _aDLC
_cDLC
_dDLC
042 _apcc
050 0 0 _aBT55
_b.H35 2005
100 1 _aHallett, Garth.
_91393
245 1 0 _aIdentity and mystery in themes of Christian faith :
_blate-Wittgensteinian perspectives /
_cGarth L. Hallett.
260 _aAldershot, Hants, England ;
_aBurlington, VT :
_bAshgate,
_cc2005.
300 _aviii, 211 p. ;
_c24 cm.
504 _aIncludes bibliographical references (p. [189]-205) and index.
600 1 0 _aWittgenstein, Ludwig,
_d1889-1951.
_91394
650 0 _aPhilosophical theology.
_91395
650 0 _aIdentity (Philosophical concept)
_91396
906 _a7
_bcbc
_corignew
_d1
_eecip
_f20
_gy-gencatlg
942 _2lcc
_cMONOGRAPH
_01
999 _c118082
_d118082